Hauptstädte mit gleichen Anfangs- und Endbuchstaben - Statistiken

Allgemein
  • Dieses Quiz wurde 482 mal gespielt
  • Das Durchschnittsergebnis liegt bei 6 aus 12
Antwortstatistiken
Hauptstädte Länder % Korrekt
O Oslo Norwegen
86%
A Ankara Türkei
73%
A Addis Abeba Äthiopien
60%
A Andorra la Vella Andorra
54%
A Accra Ghana
53%
A Abuja Nigeria
52%
A Astana Kasachstan
51%
A Asmara Eritrea
50%
T Taschkent Usbekistan
46%
A Apia Samoa
38%
S St. John's Antigua und Barbuda
32%
S St. George's Grenada
30%
Keine übereinstimmenden Quizze gefunden
Verteilung der Resultate
Anzahl Personen mit jedem Resultat
Perzentil nach korrekt beantworteten Fragen
Ihre Resultats-Entwicklung
Sie haben dieses Quiz noch nicht gespielt